000 00318 a2200157 4500
001 179648
020 _a
040 _cMagnum
100 _aGardiner, B.
240 1 0 _aLixo nuclear
_lpor
245 1 0 _aLixo nuclear
362 0 _a1899
440 1 _aMelhoramentos
697 _aMAGNITO: PARADIDATICOS
942 _cBK
999 _c179648
_d179648